| 000 | 01280nam a22003611i 4500 | ||
|---|---|---|---|
| 001 | 20541 | ||
| 003 | CZ PrNK | ||
| 005 | 20260126110455.0 | ||
| 007 | ta | ||
| 008 | 010901s1976 xr af 000 | slo | ||
| 015 | _acnb001073181 | ||
| 020 |
_q(Vázáno) : _cKčs 32,00 |
||
| 040 |
_aABA001 _bcze _cABA001 _dABA001 _erda |
||
| 041 | 1 |
_aslo _heng |
|
| 044 |
_axr _axo |
||
| 100 | 1 |
_aFitzgerald, Francis Scott, _d1896-1940 _4aut |
|
| 245 | 1 | 0 |
_aČriepky šťastia : _bvýber z poviedok / _cF. Scott Fitzgerald ; preložili Magda Brandoburová, Verona Chorváthová a Katarína Jusková ; ilustroval Stanislav Dusík |
| 250 | _aVydanie v Smene prvé | ||
| 264 | 1 |
_aBratislava : _bSmena ; _a[Praha] : _bMladá fronta : _bNaše vojsko, _c1976 |
|
| 300 |
_a411 stran, 12 nečíslovaných stran obrazových příloh : _bilustrace ; _c21 cm |
||
| 336 |
_atext _btxt _2rdacontent |
||
| 337 |
_abez média _bn _2rdamedia |
||
| 338 |
_asvazek _bnc _2rdacarrier |
||
| 490 | 1 |
_aMáj ; _vzväzok 268 |
|
| 500 | _aPřeloženo z angličtiny | ||
| 700 | 1 |
_aŽáryová, Magda, _d1927-2009 _4trl |
|
| 700 | 1 |
_aChorváthová, Verona _4trl |
|
| 700 | 1 |
_aJusková, Katarína _4trl |
|
| 700 | 1 |
_aDusík, Stano, _d1946-2019 _4ill |
|
| 830 | 0 | _aMáj (Smena) | |
| 910 | _aABA001 | ||
| 942 |
_2ddc _cKLDO _n0 |
||
| 999 |
_c20541 _d20541 |
||